Score 0/55 Timer 04:00
6 Plays Today
% Correct
Factory
96.6%
Pooh
96.6%
Wind
96.5%
Mockingbird
96.5%
Oz
96.4%
Gatsby
95.9%
Rings
95.5%
Rye
95.5%
World
95.2%
Web
95%
Four
94.8%
Wardrobe
94.8%
Stone
94.7%
Purple
94.5%
Men
94.4%
Front
94.3%
Wrath
94.1%
Orange
94%
451
93.9%
22
93.9%
Ham
93.8%
Thrones
93.6%
Kampf
93.3%
Tolls
93.1%
Express
92.9%
Gables
91.9%
Sea
91.5%
Absalom!
91.4%
% Correct
Zhivago
90.5%
Willows
90.4%
Baskervilles
90.4%
Cancer
89.7%
Dying
88.5%
Man
87.8%
None
87.7%
Gun
87.6%
Land
87.2%
Down
86.7%
Eternity
86.5%
Las Vegas
85.8%
India
85.5%
Solitude
85.3%
Lover
84.8%
Apart
82.7%
Tale
82.1%
Fury
81.7%
Cholera
80.2%
Brooklyn
79.5%
Verses
79.3%
Shrugged
78.7%
Garp
78%
Wake
74.8%
Mutiny
72.3%
March
60.6%
Archipelago
59.7%
Remove Ads.
Support Sporcle.
Get the best of Sporcle when you Go Orange. This ad-free experience offers more features, more stats, and more fun while also helping to support Sporcle. Thank you for becoming a member.

You're not logged in!

Compare scores with friends on all Sporcle quizzes.
OR
Log In

Show Comments

Extras

Top Quizzes Today


Score Distribution

Your Account Isn't Verified!

In order to create a playlist on Sporcle, you need to verify the email address you used during registration. Go to your Sporcle Settings to finish the process.

Report this User

Report this user for behavior that violates our Community Guidelines.

Details: